Statistiques concernant Formes des pays sur la carte du monde n°1 - une minute sprint

Cliquez ici pour prendre le quiz!

Statistiques générales

  • Ce quiz a été pris 461 fois
  • Le résultat moyen est 17 sur 20

Réponses sur la Carte

Les réponses sont colorées sur une échelle allant du rouge au vert en fonction du pourcentage des utilisateurs qui les ont devinées à leur premier essai. Vous pouvez retrouver ces pourcentages ci-dessous.
 

Statistiques - réponses

pays% Correct
Mexique
98%
Suède
96%
Mongolie
95%
Suisse
93%
Pologne
92%
Venezuela
91%
Paraguay
90%
Uruguay
90%
Mauritanie
88%
Éthiopie
87%
Tchad
86%
Angola
85%
Roumanie
85%
Oman
84%
Nouvelle-Zélande
80%
Thaïlande
80%
Cuba
79%
Afghanistan
75%
Papouasie-Nouvelle-
Guinée
75%
Azerbaïdjan
65%

Distribution des résultats

Percentile par nombre de réponses

% des personnes avec chaque résultat

Votre développement - résultats

Vous n’avez pas pris ce quiz